La Persia e Bisanzio: Convegno internazionale

Guardat en:
Dades bibliogràfiques
Format: Llibre
Idioma:italià
Publicat: Roma Accademia Nazionale dei Lincei 2004
Edició:1a. ed
Col·lecció:Atti dei Convegni Lincei, 201
Matèries:
Etiquetes: Afegir etiqueta
Sense etiquetes, Sigues el primer a etiquetar aquest registre!

MARC

LEADER 00000cam a2200000 a 4500
001 UCD9389
003 CL-VaPUC
005 20220222133111.0
008 170616e20040000it 1 ita d
020 |a 882180920X 
082 0 4 |a 949.5  |b PER  |2 21 
245 1 3 |a La Persia e Bisanzio: Convegno internazionale 
250 |a 1a. ed 
260 |a Roma  |b Accademia Nazionale dei Lincei  |c 2004 
300 |a 970 p 
490 0 |a Atti dei Convegni Lincei, 201 
583 |a last modification  |c 20190909 10:01:49  |k Rodrigo Vera 
650 0 0 |a Imperio Bizantino  |9 315386 
650 0 0 |a Civilización bizantina  |9 341169 
650 0 7 |a HISTORIA EUROPEA  |2 CL-VaPUC  |9 317298 
651 7 |a BIZANCIO  |2 CL-VaPUC  |9 353433 
651 7 |a PERSIA  |2 CL-VaPUC  |9 316501 
942 |c BK 
945 |a arojas  |d 20170616 21:05:00 
546 |a En Italiano 
536 |a Accademia Nazionale dei Lincei 
536 |a Istituto Italiano per L'Africa e L'Oriente 
518 |p Convegno Internazionale La Persa e Bisanzio, 1, Roma, 14-18 ottobre 2002 
999 |c 384896  |d 384894 
952 |0 0  |1 0  |3 erb  |4 0  |6 949_500000000000000_PER_2004  |7 0  |8 ?  |9 507899  |a FDOLAF  |b FDOLAF  |e Laffi, Umberto  |i 5396980  |o 949.5 PER 2004  |p 5396980  |r 2024-01-30  |w 2020-01-23  |y BK  |z Catalogado en:20170616  |k LAF